| 000 | 01696nam a2200325 c 4500 | ||
|---|---|---|---|
| 999 |
_c56280 _d56280 |
||
| 003 | BLK | ||
| 005 | 20221208030904.0 | ||
| 008 | 180408b bul|||||r ||||||| ||bul|| | ||
| 010 | _aKNG00060260000 | ||
| 040 | _aBLK | ||
| 041 |
_aBUL _cBUL |
||
| 080 |
_aПриложна ботаника. Икономическа ботаника. Диворастящи лекарствени растения и др. _b581.6 _x(035) _z581.6(035) |
||
| 080 |
_aВещества от естествен произход и тяхните смеси. Лекарствени суровини. Фармакогнозия. Вещества от животински и минерален произход. Минерални води _b615.32 _x(035) _z615.32(035) |
||
| 100 | 1 |
_aСтанева, Душка _eпърви автор _9286762 |
|
| 139 |
_aБилките във всеки дом _bБ 44 |
||
| 245 | 1 | 0 |
_aБилките във всеки дом _b[Справочник] _cДушка Станева и др |
| 257 | _aBGR | ||
| 260 |
_bМедицина и физкултура _c1982 _aСофия |
||
| 300 |
_a256 с. _c24 см _b40 л. цв. ил. |
||
| 380 | _a5 | ||
| 500 | _aДруги. авт.: Д. Панова, Л. Райнова, Ив. Асенова. - Първата авт. е известна като Душка Станева-Стойчева. - Азб. показалец. | ||
| 504 | _aБиблиогр. с. 244 - 245. | ||
| 650 | 4 |
_aМедицински растения - справочници _9247760 |
|
| 650 | 4 |
_aБилкарство - справочници _9247761 |
|
| 653 | _aбилкарство | ||
| 700 |
_aСтанева, Душка _eсъавт. _91445 |
||
| 852 |
_aЦб 117818 _bЦб |
||
| 856 | 4 | _qpdf | |
| 856 | 4 | _qpdf | |
| 942 |
_cKNG _n0 _s1 |
||
| 944 |
_aCR _c13.06.2004 _kЧиталня |
||
| 944 |
_aED _c09.08.2012 |
||
| 944 |
_aED _c2022-05-09 |
||
| 999 | _d56280 | ||